000 01400nam a22002297a 4500
003 NALT
005 20260106111156.0
008 250924b th ||||| |||| 00| 0 tha d
040 _aNALT
245 0 0 _aกฎหมายดิน /
_cกลุ่มวิชาการ RUN OF LAW.
_h[electronic resource]
250 _aพิมพ์ครั้งที่ 1.
260 _aกรุงเทพฯ :
_bRun Of Law,
_c2564.
300 _aOnline resource
505 2 _aพระราชบัญญัติการชุดดินและถมดิน พ.ศ. 2543 -- พระราชบัญญัติการจัดสรรที่ดิน พ.ศ. 2543 -- พระราชบัญญัติจัดรูปที่ดินเพื่อพัฒนาพื้นที่ พ.ศ. 2547 -- พระราชบัญญัติพัฒนาที่ดิน พ.ศ. 2551.
650 4 _aกฎหมายที่ดิน
_zไทย
_919339
650 4 _aดิน
_xกฎหมายและระเบียบข้อบังคับ
_967148
710 2 _aกลุ่มวิชาการ Run Of Law.
_965511
856 4 0 _uhttps://ebook.parliament.go.th/ebookall/detail/438269
_zE-Book
942 _cEBK
_2lcc
996 _ajamriang.p
_bCATSTF
_c2025-12-16
999 _c107236
_d107236
998 _j1020
_k นางจำเรียง ระวังสำโรง